000 00824nam a22002897a 4500
003 CHAP
005 20220329135129.0
008 971013s1942 r 00010 d
010 _a31410
011 _a32382
035 _a36497
040 _cCHAP
082 _a591
_bM37 1942
100 0 0 _aMartínez, Maximino.
_972693
245 _aGuía para el curso de zoología
250 _a9 ed.
260 _aMéxico, D.F. :
_bBotas,
_c1942
300 _a300 p.
_b: ilus
590 _aBATCH-UPD
_b10
_c20130110
_lUCH01
_h1810
590 _aBATCH-UPD
_b10
_c20130410
_lUCH01
_h1145
590 _aBATCH-UPD
_b10
_c20130914
_lUCH01
_h1802
590 _aCONVERSION
_b10
_c20130109
_lUCH01
_h1318
650 1 4 _aZoología.
_9124151
901 _aBK
942 _cLIBRO
949 _a591 M37 1942
_bBC
_cLIBRO
_d-84174
_eLIBRO
_h29261
_i36497
_si
999 _c31410
_d31410